000 02908cam a2200517 i 4500
999 _c115297
_d115297
003 BJBSDDR
005 20230411090723.0
007 ta
008 170908s2017 mx a e 000 0 spa d
020 _a9786070742668
020 _a6070742664
035 _a(OCoLC)ocn999543810
040 _aYDX
_beng
_cYDX
041 _aspa
042 _alccopycat
043 _an-us---
_an-mx---
050 1 4 _a002 E 184
_bL864o 2017
082 0 0 _a973.933
100 1 _aLópez Obrador, Andrés Manuel,
_d1953-
240 1 0 _aSpeeches.
_kSelections
245 1 0 _aOye, Trump /
_cAndrés Manuel López Obrador ; prólogo de Pedro Miguel ; epílogo de Elena Poniatowska.
250 _aPrimera edición.
264 1 _aCiudad de México :
_bEditorial Planeta Mexicana,
_c2017.
300 _a116 pages :
_billustrations ;
_c21 cm
336 _atext
_btxt
_2rdacontent
337 _aunmediated
_bn
_2rdamedia
338 _avolume
_bnc
_2rdacarrier
500 _a"Propuestas y acciones en defensa de los migrantes en estados unidos"--Cover.
520 _a"Desde hace más de medio siglo, la migración de mexicanos ha sido parte fundamental de la fuerza laboral que impulsa a nuestro vecino del norte. Estos compatriotas no han figurado en las agendas de los políticos en México, ni siquiera cuando Donald Trump alentó el racismo y la "hispanofobia" en Estados Unidos. Entre enero y marzo de 2017, Andrés Manuel López Obrador visitó varias ciudades en la unión americana para mostrar su solidaridad con las distintas comunidades de trabajadores migrantes (tanto latinoamericanos como mexicanos) ante la oleada de ataques propagandísticos que caracterizaron el inicio de la administración Trump. Los encuentros con miles de personas durante estos meses están narrados en estas páginas a través de los discursos que reflejan, como nunca antes, la imperiosa necesidad de unidad frente a la política deshumanizada y caprichosa del presidente republicano"--Publisher's description.
546 _aIn Spanish.
600 1 4 _aTrump, Donald,
_d1946-
650 0 _aMexicans
_zUnited States.
650 4 _aMexicanos en Estados Unidos
_911918
651 0 _aMexico
_xEmigration and immigration
_xGovernment policy.
651 4 _aMéxico
_xEmigración e inmigración
_916509
651 0 _aUnited States
_xEmigration and immigration
_xGovernment policy.
651 4 _aEstados Unidos
_xEmigración e inmigración
_92572
651 0 _aUnited States
_xPolitics and government
_y2017-
651 4 _aEstados Unidos
_xPolítica y gobierno
_y2017-
_98020
700 1 _aMiguel, Pedro,
_d1958-
_eprologuista
_916276
700 1 _aPoniatowska, Elena,
_916277
_d1932-
906 _a7
_bcbc
_ccopycat
_d3
_encip
_f20
_gy-gencatlg
942 _2lcc
_cBK